| 000 | 00585nam a22002177a 4500 | ||
|---|---|---|---|
| 003 | OSt | ||
| 005 | 20260327020003.0 | ||
| 008 | 160901b xxu||||| |||| 00| 0 eng d | ||
| 020 | _a9781259255380 | ||
| 020 | _a1259255387 | ||
| 040 | _cDMLN | ||
| 082 | _aQT18 G157b 2016 | ||
| 100 |
_aBarrett, Kim E. [et....al] _910977 |
||
| 245 | _aGanongo's Review of Medical Physiology | ||
| 250 | _a25th ed. | ||
| 260 | _aNew York; McGraw-Hill, 2016 | ||
| 300 | _axi,750p; col.ill: 28cm | ||
| 504 | _aAnswers, & index included | ||
| 650 |
_aMedical Physiology _9800 |
||
| 942 |
_2z _cB_BANK _01 |
||
| 999 |
_c5133 _d5133 |
||